| 000 | 00356nam a2200133Ia 4500 | ||
|---|---|---|---|
| 008 | 240624s9999 xx 000 0 und d | ||
| 041 | _aeng | ||
| 082 | _a362.11068 GRU | ||
| 100 | _aGRUNDEN NAIDA | ||
| 245 | _aPITTSBURGH WAY TO EFFICIENT HEALTHCARE I | ||
| 260 |
_c2007 _aNew York _bProductivity Press |
||
| 300 | _a199 : p. : cm. ; 22 | ||
| 365 |
_cBPS _b30 |
||
| 999 |
_c14773 _d14773 |
||